| 000 | 00437nam a2200169Ia 4500 | ||
|---|---|---|---|
| 005 | 20250529082913.0 | ||
| 008 | 231217s9999 xx 000 0 und d | ||
| 020 | _a9780072119763 | ||
| 082 | _a001.6424JAV NAU;14 | ||
| 100 | _aNaughton, Patrick. Schildt, Herbert. | ||
| 245 | 0 | _aJava 2 : The complete reference | |
| 250 | _a3rd ed. | ||
| 260 |
_c1999 _bTMH _aNew Delhi |
||
| 300 | _axxviii, 1108 | ||
| 650 | _aJava | ||
| 942 | _cAA | ||
| 999 |
_c195587 _d195587 |
||